[Event "Bogota Centro Comercial op 2nd"]
[Site "Bogota"]
[Date "2024.04.14"]
[Round "2"]
[White "Valle, Efrain"]
[Black "Bechara Lopera, Jalil Antonio"]
[Result "1-0"]
[WhiteElo "2049"]
[BlackElo "1777"]
[PlyCount "83"]
[EventDate "2024.04.14"]
[EventType "swiss"]
[EventRounds "7"]
[EventCountry "COL"]
[SourceTitle "CB16_2024"]
[SourceDate "2024.04.17"]
[SourceVersion "1"]
[SourceVersionDate "2024.04.17"]
[SourceQuality "1"]

1. Nf3 d5 2. d4 Bf5 3. g3 e6 4. Bg2 Nf6 5. 0-0 Nbd7 6. Nbd2 Be7 7. c4 h6 8. Qb3 b6 9. cxd5 exd5 10. Ne5 Nxe5 11. dxe5 Ne4 12. Nxe4 Bxe4 13. Bxe4 dxe4 14. Qa4+ Qd7 15. Qxe4 0-0 16. Bf4 Rad8 17. Rac1 c5 18. Rc3 Qd4 19. Qxd4 Rxd4 20. Rd3 Rfd8 21. Rfd1 Kh7 22. Be3 Rxd3 23. Rxd3 Rxd3 24. exd3 Kg6 25. g4 f6 26. exf6 Bxf6 27. b3 Be5 28. f4 Bc3 29. Kf2 Kf6 30. Kf3 Ke6 31. Ke4 Bf6 32. f5+ Kd6 33. Bf4+ Kc6 34. Be5 b5 35. h4 a5 36. g5 Bxe5 37. Kxe5 c4 38. dxc4 bxc4 39. bxc4 a4 40. f6 gxf6+ 41. Kxf6 hxg5 42. hxg5 1-0

[Event "COL-ch"]
[Site "Cartagena"]
[Date "2023.06.08"]
[Round "1"]
[White "Mercado Florez, Diego Armando"]
[Black "Valle, Efrain"]
[Result "0-1"]
[WhiteElo "1026"]
[BlackElo "1961"]
[PlyCount "69"]
[EventDate "2023.06.08"]
[EventType "swiss"]
[EventRounds "9"]
[EventCountry "COL"]
[SourceTitle "CBM 215 Extra"]
[Source "ChessBase"]
[SourceDate "2023.09.30"]
[SourceVersion "1"]
[SourceVersionDate "2023.09.30"]
[SourceQuality "1"]

1. e4 Nc6 2. Bc4 d6 3. Nc3 g6 4. Nf3 Bg7 5. d4 Nf6 6. 0-0 0-0 7. Bf4 Nxe4 8. d5 Nxc3 9. bxc3 Na5 10. Qd3 Bf5 11. Qe2 Bxc3 12. Bh6 Re8 13. Rab1 Bf6 14. Rb5 b6 15. h3 Nxc4 16. Qxc4 e5 17. g4 Bd7 18. Rbb1 e4 19. Nd4 Be5 20. f4 Qh4 21. fxe5 Qg3+ 22. Kh1 Qxh3+ 23. Kg1 Qxg4+ 24. Kf2 Qh4+ 25. Ke2 Bg4+ 26. Kd2 Qxh6+ 27. Kc3 dxe5 28. Nc6 Qe3+ 29. Kb2 Be2 30. Rbe1 Bxc4 31. Rxe3 Bxd5 32. Nb4 Bb7 33. Rd1 a5 34. Nd5 Bxd5 35. Rxd5 0-1

[Event "COL-chT"]
[Site "Santa Marta"]
[Date "2022.11.05"]
[Round "7.1"]
[White "Valle, Efrain"]
[Black "Rios, Cristhian Camilo"]
[Result "0-1"]
[WhiteElo "2012"]
[BlackElo "2456"]
[PlyCount "52"]
[EventDate "2022.11.02"]
[EventType "team-swiss"]
[EventRounds "7"]
[EventCountry "COL"]
[SourceTitle "CBM 211 Extra"]
[Source "ChessBase"]
[SourceDate "2023.01.31"]
[SourceVersion "1"]
[SourceVersionDate "2023.01.31"]
[SourceQuality "1"]
[WhiteTeam "Magdalena"]
[BlackTeam "Risaralda"]
[WhiteTeamCountry "COL"]
[BlackTeamCountry "COL"]

1. Nf3 d5 2. g3 g6 3. Bg2 Bg7 4. c4 dxc4 5. Qa4+ Nc6 6. Qxc4 e5 7. d3 Nge7 8. 0-0 0-0 9. Nc3 Be6 10. Qh4 f6 11. Qa4 h6 12. Be3 f5 13. Bc5 Rf7 14. Bxe7 Nxe7 15. Rac1 c6 16. Rfd1 a5 17. e4 Qf8 18. d4 fxe4 19. Nxe5 Rxf2 20. Nxe4 Bd5 21. Re1 Rxb2 22. Red1 Be6 23. Rf1 Qd8 24. Nf6+ Bxf6 25. Rxf6 Bf5 26. Bd5+ Qxd5 0-1

[Event "COL-chT"]
[Site "Santa Marta"]
[Date "2022.11.03"]
[Round "2.1"]
[White "Cardoso Cardoso, Jose Gabriel"]
[Black "Valle, Efrain"]
[Result "1-0"]
[WhiteElo "2483"]
[BlackElo "2012"]
[PlyCount "81"]
[EventDate "2022.11.02"]
[EventType "team-swiss"]
[EventRounds "7"]
[EventCountry "COL"]
[SourceTitle "CBM 211 Extra"]
[Source "ChessBase"]
[SourceDate "2023.01.31"]
[SourceVersion "1"]
[SourceVersionDate "2023.01.31"]
[SourceQuality "1"]
[WhiteTeam "Valle"]
[BlackTeam "Magdalena"]
[WhiteTeamCountry "COL"]
[BlackTeamCountry "COL"]

1. e4 c6 2. d4 d6 3. Nf3 Qc7 4. Bc4 b5 5. Bb3 a5 6. a3 e6 7. 0-0 Nf6 8. Re1 Be7 9. Bf4 0-0 10. a4 b4 11. Nbd2 Ba6 12. Bc4 c5 13. e5 Nd5 14. exd6 Bxd6 15. Bxd6 Qxd6 16. Ne4 Qd8 17. Bxd5 Qxd5 18. Nxc5 Nc6 19. Nxa6 Rxa6 20. Qd3 Rb6 21. Rad1 b3 22. c3 Rd8 23. Nd2 h6 24. Nc4 Rbb8 25. h3 Qd7 26. Qe4 Ne7 27. Ne5 Qb7 28. Ra1 Qxe4 29. Rxe4 Rdc8 30. Nd7 Rb7 31. Nc5 Rb6 32. Ra3 Nf5 33. Re2 Rcb8 34. Nd7 Nd6 35. Nxb6 Rxb6 36. Re5 Nc4 37. Rb5 Rd6 38. Raxb3 e5 39. Rc5 Nd2 40. Rb8+ Kh7 41. Rxe5 1-0

[Event "Medellin Feria de las Flores op"]
[Site "Medellin"]
[Date "2022.08.04"]
[Round "3"]
[White "Valle, Efrain"]
[Black "Malka, Samuel"]
[Result "0-1"]
[WhiteElo "2024"]
[BlackElo "2185"]
[PlyCount "80"]
[EventDate "2022.08.03"]
[EventType "swiss"]
[EventRounds "9"]
[EventCountry "COL"]
[SourceTitle "CBM 209 Extra"]
[Source "ChessBase"]
[SourceDate "2022.09.30"]
[SourceVersion "1"]
[SourceVersionDate "2022.09.30"]
[SourceQuality "1"]

1. c4 Nf6 2. b4 e5 3. Bb2 Bxb4 4. Bxe5 Nc6 5. Bb2 0-0 6. Nf3 d5 7. e3 Bg4 8. cxd5 Nxd5 9. Be2 Re8 10. 0-0 Qd6 11. a3 Ba5 12. h3 Bh5 13. Nh2 Bg6 14. Qb3 Nf4 15. Bc4 Nd3 16. Nf3 b5 17. Bd5 Nc5 18. Qa2 Rad8 19. Bxc6 Qxc6 20. Rc1 Qd6 21. Be5 Qd5 22. Qxd5 Rxd5 23. Nc3 Rd7 24. Rf1 f6 25. Bh2 Nb3 26. Ra2 Nxd2 27. Rxd2 Rxd2 28. Nxd2 Bxc3 29. Nb3 Bb2 30. Bxc7 Bxa3 31. Ra1 b4 32. Na5 Rc8 33. Bd6 Bc2 34. Re1 Kf7 35. e4 Rd8 36. Nc4 Bd3 37. Bc7 Rd7 38. Rd1 Rxc7 39. Nd6+ Ke6 40. Rxd3 Rd7 0-1